ASAA Alberta High School Football Champions - Statistics

General Stats
  • This quiz has been taken 15 times
    11 since last reset
  • The average score is 22 of 38
Answer Stats
Year Tier I % Correct
1988 LCI
83%
1989 LCI
83%
1990 LCI
83%
1992 LCI
83%
1993 LCI
83%
1994 LCI
83%
1985 LCI, Harry Ainlay
83%
1995 St. Francis
83%
2003 St. Francis
83%
2004 St. Francis
83%
2007 St. Francis
83%
2015 St. Francis
83%
2016 St. Francis
83%
2018 St. Francis
83%
1987 Harry Ainlay
67%
2011 Harry Ainlay
67%
2017 Harry Ainlay
67%
2019 Harry Ainlay
67%
2021 Harry Ainlay
67%
1996 Raymond
67%
1997 Raymond
67%
1998 Raymond
67%
2005 Raymond
67%
2008 Raymond
67%
2009 Raymond
67%
2010 Raymond
67%
2021 Raymond
67%
2012 Notre Dame
50%
2013 Notre Dame
50%
2014 Notre Dame
50%
2002 Bev Facey
17%
1999 Jasper Place
17%
1991 Henry Wise Wood
0%
2020 No Champion (COVID-19)
0%
1986 Salisbury
0%
2006 Salisbury
0%
2000 Strathcona
0%
2001 Strathcona
0%
No matching quizzes found
Score Distribution
Percent of People with Each Score
Percentile by Number Answered
Your Score History
You have not taken this quiz since the last reset